Word Ladder: Obi-Wan Kenobi Quotes Quiz Stats

 Plays Quiz Updated Sep 19, 2018

Score 0/28 Timer 03:00
2 Plays Today
Clue 4-Letter Word % Correct
✩ He's ____ machine now than man. Twisted and evil. ✩MORE
94.5%
✩ She needs your help. I'm getting too old for this ____ of thing. ✩SORT
94%
✩ Vader was seduced by the dark ____ of the Force. ✩SIDE
92.3%
Painfully sensitive to the touchSORE
90.6%
✩ Use the force, ____. ✩LUKE
86.7%
✩ That boy is our last ____. ✩HOPE
86.2%
✩ I don't want to ____ you to the Emperor, the way I lost Vader. ✩LOSE
85.5%
✩ You ____ do what you think is right, of course. ✩MUST
84.4%
The greatest amountMOST
84%
✩ Let's just say we'd _____ to avoid any Imperial entanglements. ✩LIKE
83.9%
Not to be found or recoveredLOST
83.6%
✩ You ____ taken your first step into a larger world. ✩HAVE
81.6%
To become the father ofSIRE
81.5%
Cause to stick in swampy groundMIRE
80.3%
Clue 4-Letter Word % Correct
A strong-smelling substance used in perfumeMUSK
78.6%
Run with a steady, easy gaitLOPE
78.5%
✩ In my experience, there's no such thing as ____. ✩LUCK
76.6%
✩ Yes. I was once a Jedi knight, the ____ as your father. ✩SAME
75.8%
✩ Don't give in to ____. That leads to the Dark Side. ✩ HATE
75%
Attract with something desirableLURE
73.1%
A town in East SussexHOVE
72.8%
✩ This weapon is your ____. ✩LIFE
71.5%
Condition of being known or recognized by many peopleFAME
70.9%
A predetermined outcomeFATE
70.7%
Dirt, rubbish or waste matterMUCK
69.1%
Wait in concealmentLURK
69%
✩ Sandpeople always ____ single-file to hide their numbers. ✩RIDE
65.4%
Existing in great quantityRIFE
57.5%

Today's Daily Dose

Missing Word
Sherlocks

Word Ladder
King of the Hill

Quick Pick
Songs in Pink

Get the Picture
NBA Teammates

You're not logged in!

Compare scores with friends on all Sporcle quizzes.
OR
Log In

Sporcle TV

Today on Sporcle TV


Watch our educational content, quiz creation guides, and fun videos on Sporcle TV.

Show Comments

Extras

Top Quizzes Today


Score Distribution

Your Account Isn't Verified!

In order to create a playlist on Sporcle, you need to verify the email address you used during registration. Go to your Sporcle Settings to finish the process.

Report this User

Report this user for behavior that violates our Community Guidelines.

Details: